000 00442nam a2200145 4500
001 110274
003 ES-MaACL
007 t|
008 061121s1955 sp r ||||1| spa d
100 1 _aOcharán Aburto, Luis.
_986470
245 1 0 _aHojas volanderas /
_cLuis Ocharán Aburto.
260 _aBarcelona :
_b[s.n.],
_c1955 (
_fGráf. Seix y Barral)
300 _a382 p., 1 lám :
_b`retr. aut.` ;
_c22 cm.
852 _aES-MaACL
_jC-9554
_bR.37678
999 _c110274
_d110274